| 000 | 01956nam0a2200421 i 4500 | ||
|---|---|---|---|
| 001 | RU\NLR\BIBL_A\011151523 | ||
| 005 | 20241104014700.0 | ||
| 010 |
_a9785209069171 _91000 |
||
| 021 |
_aRU _b2016-44529 _92855 |
||
| 035 | _a(NILC)RuMoRGB-008503735 | ||
| 035 | _a(NLR Aleph) 011151523 | ||
| 090 |
_a11675779 _c11675779 |
||
| 100 | _a20160615d2015 km y0rusy50 ca | ||
| 101 | 0 | _arus | |
| 102 | _aRU | ||
| 105 | _ay|||z|||000cy | ||
| 200 | 1 |
_aНенасильственная революция. От теории к практике _dNonviolent revolution. From theory to practice _zeng _fСаркис Цатурян |
|
| 210 |
_aМосква _cРоссийский университет дружбы народов _d2015 |
||
| 215 |
_a277, [1] с. _d21 |
||
| 300 | _aПарал. тит. л. англ. | ||
| 300 | _aАвт. также на англ. яз.: Sarkis Tsaturyan | ||
| 320 | _aБиблиогр. в конце кн. и в подстроч. примеч. | ||
| 510 | 1 |
_6z01790 _aNonviolent revolution. From theory to practice _zeng |
|
| 606 |
_a"Мягкая сила" (полит.) _92292862 _3RU\NLR\AUTH\6601600416 |
||
| 607 |
_aСоединенные Штаты Америки _xВнешняя политика _z21 в. _92497176 _3RU\NLR\AUTH\661481308 |
||
| 610 | 0 | _aтехнология ненасильственного сопротивления | |
| 610 | 0 | _aамериканская политика смены режимов власти | |
| 610 | 0 | _aвнешняя политика США | |
| 675 | _a94(100-87) | ||
| 686 | 1 | _aТ3(7США)63-6 | |
| 686 | 1 | _aФ3(0)15 | |
| 700 | 1 |
_7ca _8rus _aЦатурян _bС. А. _f1989- _gСаркис Арамаисович _9161781 _3RU\NLR\AUTH\770161825 |
|
| 790 | 1 |
_4070 _7ba _8rus _aCaturjan _bS. A. _f1989- _gSarkis Aramaisovič _9161788 _3RU\NLR\AUTH\770161832 |
|
| 801 | 0 |
_aRU _bРГБ _c20160531 _gRCR |
|
| 942 | _cBOOK | ||
| 980 | _aNBR | ||